LEADER 00819nam0-22002891i-450- 001 990000980160403321 005 20040526144127.0 035 $a000098016 035 $aFED01000098016 035 $a(Aleph)000098016FED01 035 $a000098016 100 $a20020001d--------km-y0itay50------ba 101 0 $aeng 200 1 $aDifferential Manifolds and Theoretical Physics$fW.D. Curtis, F.R. Miller 210 $aNew York [etc.]$cAcademic Press$d1985 610 0 $aFisica matematica 610 0 $aFisica teorica 676 $a530 700 1$aCurtis,$bW.D.$046033 702 1$aMiller,$bF.R. 801 0$aIT$bUNINA$gRICA$2UNIMARC 901 $aBK 912 $a990000980160403321 952 $a20-116F$b13150$fFI1 959 $aFI1 996 $aDifferential Manifolds and Theoretical Physics$9353306 997 $aUNINA LEADER 01423aam 2200409I 450 001 9910709917803321 005 20151118015316.0 024 8 $aGOVPUB-C13-ef60ee39ff94b4a9a45829650eff8351 035 $a(CKB)5470000002475092 035 $a(OCoLC)929878911 035 $a(EXLCZ)995470000002475092 100 $a20151118d1978 ua 0 101 0 $aeng 181 $2rdacontent 182 $2rdamedia 183 $2rdacarrier 200 10$aCollaborative reference program for paper $ereport no. 52G /$fR. G. Powell; E. B. Randall Jr.; J. Horlick 210 1$aGaithersburg, MD :$cU.S. Dept. of Commerce, National Institute of Standards and Technology,$d1978. 215 $a1 online resource 225 1 $aNBSIR ;$v78-1341 300 $a1978. 300 $aContributed record: Metadata reviewed, not verified. Some fields updated by batch processes. 300 $aTitle from PDF title page. 320 $aIncludes bibliographical references. 517 $aCollaborative reference program for paper 700 $aPowell$b R. G$01386938 701 $aHorlick$b J$01386491 701 $aPowell$b R. G$01386938 701 $aRandall$b E. B., Jr$01386939 712 02$aUnited States.$bNational Bureau of Standards. 801 0$bNBS 801 1$bNBS 801 2$bGPO 906 $aBOOK 912 $a9910709917803321 996 $aCollaborative reference program for paper$93436261 997 $aUNINA